Stationary marked point processes : an intuitive approach

Αποθηκεύτηκε σε:
Λεπτομέρειες βιβλιογραφικής εγγραφής
Κύριος συγγραφέας: Sigman, Karl
Μορφή: Βιβλίο
Γλώσσα:English
Δημοσίευση: New York : Chapman&Hall, c1995
Σειρά:Stochastic modeling
Θέματα:
Ετικέτες: Προσθήκη ετικέτας
Δεν υπάρχουν, Καταχωρήστε ετικέτα πρώτοι!

MARC

LEADER 00000nam a2200000 i 4500
001 1/48988
008 070724s1995 eng d
020 |a 0-412-98431-8 
035 |l 10089069 
040 |a GR-MY-UA  |b gre  |e aacr 
041 0 |a eng 
082 0 |a 519.23220  |2 (22) 
100 1 |a Sigman, Karl. 
245 1 0 |a Stationary marked point processes :  |b an intuitive approach /  |c Karl Sigman 
260 |a New York :   |b Chapman&Hall,   |c c1995 
300 |a xiii, 200 σ.;  |b εικ.;  |c 24 εκ. 
490 1 |a Stochastic modeling 
504 |a Βιβλιογραφία:σ. [191]-195. Ευρετήριο 
650 0 0 |a Point processes. 
852 |a INST  |b SAMOS  |e 20070724  |h 519.23220 SIG  |p 005300025814  |q 005300025814  |t BK  |y 0 
901 |a BIBL3-2007-2 
909 |a Σ  |b 135815 
922 |a 3ΕΛΗ  |b 200706  |c ΕΠΕΑΕΚ2/ΤΣΑΕ  |d ΕΛΕΥΘΕΡΟΥΔΑΚΗΣ 
970 |a ΚΟΣΙΕΡΗΣ  |b ΧΡΗΣΤΟΣ  |z 2007/07/24